Starch : properties and potential /
Guardado en:
| Autor Corporativo: | |
|---|---|
| Otros Autores: | |
| Formato: | Libro |
| Idioma: | English |
| Publicado: |
Chichester [England] :
Published for the Society of Chemical Industry by Wiley,
c1987.
|
| Series: | Critical reports on applied chemistry ;
v. 13 |
| Materias: | |
| Acceso en línea: | Descripción Tabla de contenido |
| Etiquetas: |
Agregar Etiqueta
Sin Etiquetas, Sea el primero en etiquetar este registro!
|
| LEADER | 01022pam a22002535a 4500 | ||
|---|---|---|---|
| 001 | EIQ.libpla003789 | ||
| 008 | 870113s1987####enka#####b####001#0#eng#d | ||
| 005 | 20141212144114.0 | ||
| 245 | 0 | 0 | |a Starch : |b properties and potential / |c edited by T. Galliard. |
| 260 | |a Chichester [England] : |b Published for the Society of Chemical Industry by Wiley, |c c1987. | ||
| 300 | |a viii, 151 p. : |b il. ; |c 25 cm. | ||
| 440 | 0 | |a Critical reports on applied chemistry ; |v v. 13 | |
| 504 | |a Incluye referencias bibliográficas e índice. | ||
| 020 | |a 047191326X | ||
| 700 | 1 | |a Galliard, T., |e ed. |4 edt | |
| 710 | 2 | |a Society of Chemical Industry (Great Britain) | |
| 082 | 0 | 0 | |a 664/.2 |2 19 |
| 650 | 4 | |a Almidón |x Propiedades. | |
| 650 | 4 | |a Starch |x Properties. | |
| 010 | |a 87002021 | ||
| 040 | |a DLC |c DLC |d AR-BbSID | ||
| 856 | 4 | 2 | |3 Descripción |u http://www.loc.gov/catdir/description/wiley031/87002021.html |
| 856 | 4 | |3 Tabla de contenido |u http://www.loc.gov/catdir/toc/onix01/87002021.html | |
| 859 | |a AR-BbSID |b BIB. PLAPIQUI |h 664.2 |i St28 |p 4416 | ||
